Koleksi panduan mengajar : bengkel kajian kes Asean,2008.

Bibliographic Details
Corporate Author: Institut Tadbiran Awam Negara (INTAN)
Format: Book
Published: INTAN: Kuala Lumpur, 2008.
Subjects:
LEADER 00568cam a2200181 7i4500
001 0000012607
005 20151104090000.0
005 ##20151104113500.0
003 ##MY-KlINT
039 # 9 |y 201511041135  |z VLOAD 
090 0 0 |a CS 011   |b INS 
110 0 # |a Institut Tadbiran Awam Negara (INTAN) 
245 1 0 |a Koleksi panduan mengajar :   |b bengkel kajian kes Asean,2008. 
260 # # |a INTAN:   |b Kuala Lumpur,   |c 2008. 
300 # # |a 41 m.s. 
650 # 0 |a Case Studies  
745 1 # |a Collection of teaching guides,Asean case studies workshop,2008 
999 |a 0000001112  |b BOOK  |c Main Non-Fiction  |e INTAN BK